|
|
|
|
| LEADER |
01047nam a2200277 a 4500 |
| 001 |
000013432 |
| 003 |
CZ BrMZK |
| 005 |
20170123154439.0 |
| 008 |
010907s1994 xr f cze d |
| 020 |
|
|
|c 20.00
|
| 040 |
|
|
|a BOA001
|b cze
|
| 080 |
|
|
|a 75(437.1)"19":92 Vašíček, Vladimír
|2 MRF
|
| 080 |
|
|
|a 929 Vašíček, Vladimír
|2 MRF
|
| 100 |
1 |
|
|a Vašíček, Vladimír,
|d 1919-2003
|7 jn19992010609
|4 art
|
| 245 |
1 |
0 |
|a Vladimír Vašíček :
|b výběr z díla : Galerie výtvarného umění v Hodoníně : 14. září-30. října 1994 /
|c text Josef Fantura
|
| 260 |
|
|
|a Hodonín :
|b Galerie výtvarného umění,
|c 1994
|
| 300 |
|
|
|a 1 složený list :
|b il.
|
| 600 |
1 |
7 |
|a Vašíček, Vladimír,
|d 1919-2003
|7 jn19992010609
|
| 655 |
|
7 |
|a katalogy výstav
|7 fd132536
|2 czenas
|
| 700 |
1 |
|
|a Fantura, Josef,
|d 1955-
|7 jx20040727027
|4 aut
|
| 910 |
|
|
|a BOA001
|b X-1002.533
|
| 962 |
|
|
|a 929
|
| 962 |
|
|
|a 75(437.1)
|
| 990 |
|
|
|a BK
|
| 991 |
|
|
|b 201701
|
| 996 |
6 |
|
|b 2610013093
|c X-1002.533
|l MZK
|r Sklad / do 24 hodin
|n 2
|p p.v.
|w 000013432
|u 000010
|a 1
|e BOA001
|j MZK50
|s P
|